Alaska : el espíritu de lo salvaje /

Mediometraje documental sobre la vida silvestre de Alaska, con énfasis especial en su fauna, entre cuyas especies aparecen alces, ballenas, caribúes, focas, lobos y osos polares, sobre el telón de fondo de imponentes paisajes. El documental, que cuenta con la participación del actor Charlton Heston...

Description complète

Enregistré dans:
Détails bibliographiques
Auteur principal: Casey, George (realización)
Autres auteurs: Richards, Mose (guión) (guión), Taylor, Rodney (fotógrafo) (fotógrafo), Huntley, Tim (montaje) (montaje), Heston, Charlton (narración) (narración)
Format: Diapositive
Langue:espagnol
Publié: Alaska?, EUA : Alaska Film Partners, 1997, c1997
Sujets:
Tags: Ajouter un tag
Pas de tags, Soyez le premier à ajouter un tag!

MARC

LEADER 00000ngm^a2200000^a^4500
001 000147961
005 20251020000000.0
009 20260310100005.731
020 |a 1-58448-033-5 
037 |a Acervo ITESO - Biblioteca 
041 |a ESP 
082 |a 574. 97398  |b CAS 
100 |a Casey, George  |e (realización) 
240 1 1 |a [Alaska: el espíritu de lo salvaje] 
245 1 0 |a Alaska :  |b el espíritu de lo salvaje /  |c Realización de G. Casey. 
246 2 |a Título en la cubierta: Alaska: Spirit of the Wild 
246 2 |a Título en la pantalla: Alaska: el espíritu de lo salvaje 
246 2 |a Título alternativo en español (España): Alaska: espíritu salvaje 
264 4 |a Alaska?, EUA :  |b Alaska Film Partners,  |c 1997, c1997 
264 2 |a Los Angeles, EUA :  |b Slingshot [distribución],  |c 1999, c1999 
300 |a 1 DVD multirregión (41, 41 min.) :  |b color +  |e 1 díptico 
336 |a imagen móvil bidimensional  |b tdi  |2 rdacontenido 
337 |a video  |b v  |2 rdamedio 
338 |a videodisco  |b vd  |2 rdasoporte 
500 |a Traducción de: Alaska: Spirit of the Wild 
520 |a Mediometraje documental sobre la vida silvestre de Alaska, con énfasis especial en su fauna, entre cuyas especies aparecen alces, ballenas, caribúes, focas, lobos y osos polares, sobre el telón de fondo de imponentes paisajes. El documental, que cuenta con la participación del actor Charlton Heston (1923-2008) como narrador, fue filmado en formato de 70 milímetros –con uso de técnicas de fotografía aérea y submarina-, proyectado en formato IMAX en 1997 y figuró entre los cinco finalistas al premio de la Academia Norteamericana de Artes y Ciencias Cinematográficas al mejor cortometraje documental en 1998. 
520 |a Suplementos y características especiales (en inglés, sin subtítulos o traducción, a diferencia de la presentación principal): 1) Opción de reproducir la película sin la narración fuera de cuadro y acompañada sólo por la música y sus efectos sonoros; 2) Avances, integrados en una sola secuencia, de Africa: The Serengeti (George Casey, 1994), Search for the Great Sharks (Mal Wolfe, 1995), Great Barrier Reef (George Casey, 1981) y Genesis (George Casey, 1978), otros cuatro documentales proyectados en formato IMAX (5 min. y medio); 3) Avances, integrados en una sola secuencia, de otras nueve producciones comercializadas por la misma distribuidora (9 min.) y 4) Folleto con índices de capítulos en las siete opciones de idiomas que contiene el DVD. 
546 |a Doblaje opcional: español, alemán, francés, japonés, mandarín, sueco 
546 |a En inglés, con subtítulos opcionales: inglés 
649 |a XX 
650 |a Documentales 
650 |a Cortometrajes y Mediometrajes Norteamericanos 
650 |a Cine Norteamericano -  |y 1990-1999 
650 |a Cine Norteamericano -  |y Siglo XX 
650 |a Sociedades de Animales 
650 |a Conducta Social Animal 
650 |a Fauna -  |z Alaska, EUA 
650 |a Vida Salvaje -  |z Alaska, EUA -  |x Tema Principal 
650 |a Estaciones del Año -  |z Alaska, EUA 
650 |a Paisajes -  |z Alaska, EUA 
650 |a Biodiversidad -  |z Alaska, EUA 
650 |a Naturaleza -  |z Alaska, EUA 
650 |a Alaska, EUA -  |x Descripción 
650 |a Etología 
650 |a Zoología 
650 |a Fenología 
650 |a Bioclimatología 
650 |a Ecología 
650 |a Biología 
740 0 |a Alaska :  |b Spirit of the Wild /  |c Realización de G. Casey. 
700 |a Richards, Mose  |e (guión) 
700 |a Taylor, Rodney  |e (fotógrafo) 
700 |a Huntley, Tim  |e (montaje) 
700 |a Heston, Charlton  |e (narración) 
910 |a Fondo General 
920 |a Audiovisuales - DVDs 
940 |a Películas 
905 |a 302 
901 |a 0500094817  |b IT2  |c DVS  |u 20250521 
901 |a 0500094855  |b IT2  |c MIN  |u 20251020 
902 |a https://opac.biblio.iteso.mx/vufind/Record/000147961